El diccionario Oxford español-inglés, inglés-español / (Record no. 18288)

MARC details
000 -LEADER
campo de control de longitud fija 01375nam a2200337 i 4500
001 - NÚMERO DE CONTROL
campo de control 18288
003 - IDENTIFICADOR DE NÚMERO DE CONTROL
campo de control ES-MaACL
005 - FECHA Y HORA DE LA ÚLTIMA TRANSACCIÓN
campo de control 20240221125304.0
007 - CAMPO FIJO DE DESCRIPCIÓN FÍSICA--INFORMACIÓN GENERAL
campo de control de longitud fija t|
008 - DATOS DE LONGITUD FIJA--INFORMACIÓN GENERAL
campo de control de longitud fija 011121s2001 xxu ||||1| spa d
020 ## - NÚMERO INTERNACIONAL ESTÁNDAR DEL LIBRO
Número Internacional Estándar del Libro 0198603673
080 ## - NÚMERO DE LA CLASIFICACIÓN DECIMAL UNIVERSAL
Número de la Clasificación Decimal Universal (038)=111=134.2
080 ## - NÚMERO DE LA CLASIFICACIÓN DECIMAL UNIVERSAL
Número de la Clasificación Decimal Universal (038)=134.2=111
245 03 - MENCIÓN DEL TÍTULO
Título El diccionario Oxford español-inglés, inglés-español /
Mención de responsabilidad, etc. dirección editorial Beatriz Galimberti Jarman, Roy Russell.
250 ## - MENCION DE EDICION
Mención de edición 2ª ed., revisada y con secciones adicionales
Resto de la mención de edición editada por Carol Styles Carvajal, Jane Horwood.
260 ## - PUBLICACIÓN, DISTRIBUCIÓN, ETC.
Lugar de publicación, distribución, etc. New York :
Nombre del editor, distribuidor, etc. Oxford University Press,
Fecha de publicación, distribución, etc. 2001.
300 ## - DESCRIPCIÓN FÍSICA
Extensión LI, 1818 p. ;
Dimensiones 27 cm +
Material acompañante/anejo 1 disco CD-ROM.
500 ## - NOTA GENERAL
Nota general Portada adicional en inglés.
505 8# - NOTA DE CONTENIDO CON FORMATO
Nota de contenido con formato Contiene disco: "Guía de la pronunciación inglesa"
650 14 - PUNTO DE ACCESO ADICIONAL DE MATERIA--TÉRMINO DE MATERIA
Término de materia o nombre geográfico como elemento de entrada Lengua española-
Subdivisión de forma Diccionarios-
Subdivisión general Inglés.
9 (RLIN) 14142
650 14 - PUNTO DE ACCESO ADICIONAL DE MATERIA--TÉRMINO DE MATERIA
Término de materia o nombre geográfico como elemento de entrada Lengua inglesa-
Subdivisión de forma Diccionarios-
Subdivisión general Español.
9 (RLIN) 14270
700 1# - ENTRADA AGREGADA--NOMBRE PERSONAL
Nombre de persona Jarman, Beatriz Galimberti.
9 (RLIN) 66130
700 1# - ENTRADA AGREGADA--NOMBRE PERSONAL
Nombre de persona Russell, Roy.
9 (RLIN) 101049
700 1# - ENTRADA AGREGADA--NOMBRE PERSONAL
Nombre de persona Carvajal, Carol Styles.
9 (RLIN) 35929
700 1# - ENTRADA AGREGADA--NOMBRE PERSONAL
Nombre de persona Horwood, Jane.
9 (RLIN) 64276
852 ## - LOCALIZACIÓN
Ubicación ES-MaACL
Número de control de estantería A-15171
Sublocalización o colección R.130458
Ubicación en estantería Depósito 1
Signatura antigua Olim: DIC-L 111=134.2 dic
-- Olim: Meseton
itemnumber 18849
852 ## - LOCALIZACIÓN
Ubicación ES-MaACL
Número de control de estantería ROT 1/7/19
Nota libre . - CD-ROM
852 ## - LOCALIZACIÓN
Ubicación ES-MaACL
Número de control de estantería A-15170
Ubicación en estantería Depósito 1
Signatura antigua Olim: DIC L 111=134.2 dic
itemnumber 18849
942 ## - ELEMENTOS DE ENTRADA SECUNDARIOS (KOHA)
Fuente del sistema de clasificación o colocación Clasificación decimal universal
Holdings
Estatus retirado Estado de pérdida Fuente del sistema de clasificación o colocación Estado de daño No para préstamo Colección Biblioteca de origen Biblioteca actual Ubicación en estantería Fecha de adquisición Fuente de adquisición Total de préstamos Signatura topográfica completa Código de barras Visto por última vez Precio de reemplazo Tipo de ítem Koha
    Clasificación decimal universal     Colección de referencia Biblioteca del Ateneo de Madrid Biblioteca del Ateneo de Madrid Depósito 1 22/09/2022 Compra   A-15171 1203743 23/02/2023 23/02/2023 Libro impreso
    Clasificación decimal universal     Colección de referencia Biblioteca del Ateneo de Madrid Biblioteca del Ateneo de Madrid Depósito 1 17/01/2008     A-15170 1018702 23/02/2023 23/02/2023 Libro impreso
          Colección de referencia Biblioteca del Ateneo de Madrid Biblioteca del Ateneo de Madrid Depósito 17/01/2008     ROT 1/7/19 1018703 23/02/2023 23/02/2023 Libro impreso